Ted Lasso Trivia - Statistics

General Stats
  • This quiz has been taken 572 times
  • The average score is 7 of 15
Answer Stats
Hint Answer % Correct
Sam Obisanya's shirt number 24
74%
Richmond's captain after Roy Isaac McAdoo
74%
Rebecca's ex-husband Rupert Mannion
72%
Ted's alter ego Led Tasso
70%
Van Damme's name before he changed it Zoreaux
66%
Colin's last name Hughes
62%
Nate's favorite restaurant A Taste of Athens
54%
Name of the club that beat Richmond in Amsterdam Ajax
52%
The fittest guy on the team (according to Colin) Moe Bumbercatch
48%
Name of the book that Ted gave to Roy as a gift A Wrinkle in Time
40%
Montlaur's first name Richard
39%
The Russian model who Nate dated before Jade Anastasia
30%
The billionare who prevented Sam from joining the Nigerian national team Edwin Akufo
30%
The city that Ted is from Wichita, Kansas
26%
Name of episode 8 of season 3 We'll Never Have Paris
10%
No matching quizzes found
Score Distribution
Percent of People with Each Score
Percentile by Number Answered
Your Score History
You have not taken this quiz